000 00660 a2200217 4500
003 Nust
005 20170207152528.0
010 _a 90007378
020 _a0136298257
040 _cNust
082 0 0 _a005.1
100 2 _aWirfs-Brock, Rebecca.
245 1 0 _aDesigning object-oriented software /
_cRebecca Wirfs-Brock, Brian Wilkerson, Lauren Wiener.
260 _aEnglewood Cliffs, N.J. :
_bPrentice Hall,
_cc1990.
300 _axix, 341 p. :
_bill. ;
_c24 cm.
500 _aIncludes index.
650 0 _aComputer software
_xDevelopment.
650 0 _aObject-oriented programming (Computer science)
700 1 _aWiener, Lauren.
700 1 _aWilkerson, Brian.
942 _2ddc
_cBK
999 _c176563
_d176563